| 000 | 01523cam a22004338a 4500 | ||
|---|---|---|---|
| 003 | OCoLC | ||
| 005 | 20241220105406.0 | ||
| 008 | 050505s2006 nyu c 000 1 eng | ||
| 001 | ocm60515368 | ||
| 010 | _a 2005013025 | ||
| 020 | _a0689857985 (isbn10) | ||
| 024 | 3 | _a9780689857980 | |
| 035 | _a(Sirsi) i9780689857980 | ||
| 040 |
_aDLC _cDLC _dBAKER _dVPL _dUINTA |
||
| 042 | _alcac | ||
| 049 | _aUCLB | ||
| 050 | 0 | 0 |
_aPZ7.H1164 _bAlf 2006 |
| 082 | 0 | 0 |
_a[Fic] _222 |
| 082 | _aHADDIX | ||
| 092 | _aHADDIX | ||
| 100 | 1 |
_aHaddix, Margaret Peterson. _942560 |
|
| 245 | 1 | 0 |
_aAmong the free / _cMargaret Peterson Haddix. |
| 250 | _a1st ed. | ||
| 260 |
_aNew York : _bSimon & Schuster Books for Young Readers, _c2006. |
||
| 263 | _a0606 | ||
| 300 |
_a194 p. ; _c22 cm. |
||
| 490 | 1 | _aA shadow children book | |
| 520 | _aWhen thirteen-year-old Luke Garner unwittingly sets off a rebellion which sweeps the country and ousts the Population Police from power, he quickly realizes that the new regime is corrupt and he may hold the only key to true freedom. | ||
| 650 | 1 |
_aFreedom _vFiction. _95678494 |
|
| 650 | 1 |
_aConduct of life _vFiction. _95675198 |
|
| 650 | 0 |
_aScience fiction. _96102857 |
|
| 830 | 0 |
_aShadow children book. _953099 |
|
| 938 |
_aBaker & Taylor _bBKTY _c16.95 _d12.71 _i0689857985 _n0006470386 _sactive |
||
| 942 |
_cBOOK _083 |
||
| 994 |
_aC0 _bUINTA |
||
| 979 | _a293959 | ||
| 856 | 4 | 2 |
_3Publisher description _uhttp://www.loc.gov/catdir/enhancements/fy0631/2005013025-d.html |
| 998 | _aa18085 | ||
| 999 |
_c9724 _d9724 |
||